01188nam a2200193Ia 4500001001100000003001000011008004100021040002500062041001300087100001500100245008900115250001100204260008500215300001100300500026800311501011400579520026800693650003300961L840-49669IT-CnALBA170116s9999||||xx |||||||||||||| ||und|| aIT-CnALBAcIT-CnALBA aITALIANO aWEIL SIMON 0aI CATARI E LA CIVILTÀ MEDITERRANEA. SEGUITO DA CHANSON DE LA CROISADE ALBIGEOISE.  a1a ed. a TORINO - ROMAbMARIETTI EDITORE c1996 [1° Ed.:1996 - Ed.Ling.Originale: 1960] a95 p.  aCANZONE DELLA CROCIATA ALBIGESI. NOTA DI POTESTÀ G. L. CURATORE GAETA G. VIE DEL CAMMINO DELLO SPIRITO. FRANCIA, CIVILTÀ LUMINOSA, DA TEMPO EMARGINATA, RIDOTTA A CELEBRAZIONE DI ANTICHE VIRTÙ. FILONI DELLA FILOSOFIA TROBADORICA E SPIRITUALITÀ CATARA. GRAN aSocietà San Paolo EM - Piazza San Paolo, 14 - 12051 ALBA (CN) (non commercial uses only) ® Copyright 2017 aCANZONE DELLA CROCIATA ALBIGESI. NOTA DI POTESTÀ G. L. CURATORE GAETA G. VIE DEL CAMMINO DELLO SPIRITO. FRANCIA, CIVILTÀ LUMINOSA, DA TEMPO EMARGINATA, RIDOTTA A CELEBRAZIONE DI ANTICHE VIRTÙ. FILONI DELLA FILOSOFIA TROBADORICA E SPIRITUALITÀ CATARA. GRAN aLETTERATURA FRANCESE E ALTRE